[Event "Odoev-ch"]
[Site "Odoev"]
[Date "2018.05.29"]
[Round "2"]
[White "Domogaev, Sergey"]
[Black "Moiseev, Andrey"]
[Result "1/2-1/2"]
[WhiteElo "2412"]
[BlackElo "2329"]
[PlyCount "27"]
[EventDate "2018.05.28"]
[EventType "swiss"]
[EventRounds "9"]
[EventCountry "RUS"]
[SourceTitle "EXT 2019"]
[Source "ChessBase"]
[SourceDate "2018.10.10"]
[SourceVersion "1"]
[SourceVersionDate "2018.10.10"]
[SourceQuality "1"]

1. Nf3 Nf6 2. c4 e6 3. Nc3 d5 4. e3 c5 5. cxd5 Nxd5 6. Nxd5 Qxd5 7. b3 Be7 8. Bb2 0-0 9. Bc4 Qd8 10. 0-0 Nc6 11. Ne5 Nxe5 12. Bxe5 Bf6 13. Qh5 Bxe5 14. Qxe5 1/2-1/2

[Event "Tula Rjazanov Memorial"]
[Site "Tula"]
[Date "2016.02.12"]
[Round "7"]
[White "Moiseev, Andrey"]
[Black "Krasnov, Yury A"]
[Result "1-0"]
[WhiteElo "2360"]
[BlackElo "2252"]
[PlyCount "69"]
[EventDate "2016.02.05"]
[EventType "swiss"]
[EventRounds "9"]
[EventCountry "RUS"]
[SourceTitle "CBM 171 Extra"]
[Source "ChessBase"]
[SourceDate "2016.04.26"]
[SourceVersion "1"]
[SourceVersionDate "2016.04.26"]
[SourceQuality "1"]

1. e4 c5 2. d4 e6 3. c3 d5 4. e5 Nc6 5. f4 Nh6 6. Bb5 Qb6 7. a4 a6 8. Bxc6+ bxc6 9. a5 Qa7 10. Be3 Nf5 11. Bf2 Rb8 12. g4 Nh6 13. Ra2 cxd4 14. h3 c5 15. cxd4 c4 16. Ne2 Bb4+ 17. Nbc3 Bd7 18. 0-0 Qc7 19. Be1 Ng8 20. Ng3 Qd8 21. f5 Bxc3 22. bxc3 exf5 23. Nxf5 Bxf5 24. Rxf5 Ne7 25. Bh4 Qd7 26. e6 fxe6 27. Rf3 Ng6 28. Bg3 Rb3 29. Raf2 Rf8 30. h4 Rxf3 31. Qxf3 Qe7 32. h5 Nh8 33. g5 Qxg5 34. Qf8+ Kd7 35. Qd6+ 1-0